1431 1958 1841 1623 1420 1075 1309 1008 1221 1664 1399 1861 1199 1652 1738 1951 1471 1290 1340 1445 1078 1295 1685 1188 1796 1972 1415 1311 1038 1488 1133 1946 1347 1917 1148 1448 1884 1614 1047 1475 1655 1037 1279 1685 1312 1094 1612 1049 1275 1647 1329 1650 1839 1781 1066 1729 1702 1792 1115 1299 1651 1872 1433 1221 1889 1131 1963 1430 1046 1687 1466 1834 1182 1150 1103 1724 1843 1015 1518 1984 1104 1623 1898 1869 1263 1056 1971 1898 1517 1450 1497 1373 1770 1616 1626 1693 1716 1798 1369 BCNSPRNW ULIB Ver.6.0+V

เปลี่ยนเป็นภาษาไทย

Change to English
 แสดงรายละเอียดบรรณานุกรม
  กลับหน้าหลัก

Brief Record : Get Marc (ISO 2709) : E-mail record : QR code < ปิดหน้าต่าง
LEADER : 00000nam 2200000uu 4500
001    13399110705
003     ULIB
008    110607s2551||||th 000 0 tha d
020    9789743075865
060 04 WS103^bM111พ 2551
100 1  Murkoff, Heidi E
245 10 พัฒนาการวัยเตาะแตะ :^bช่วงระหว่างย่างเข้าขวบที่ 2 กับขวบที่ 3 /^cHeidi E. Murkoff, Arlene Eisenberg, Sandee E. Hathaway ;สดุดี พิมล, แปล
246 31 What to expect the toddler years
260    กรุงเทพฯ :^bหมอชาวบ้าน,^c2551
300    1090 หน้า
650  2 Child^xdevelopment
650  2 Child^xrearing
700 1  Eisenberg, Arlene
700 1  Hathaway, Sandee E
700 0  สดุดี พิมล
945    ^p790^l0^i025317
945    ^p790^l0^i025220
945    ^p790^l0^i025221
995    ทศพร
999 ^a ใช้งานได้ทุกระบบ
รายการนี้ยังไม่มีแท็ก
คุณยังไม่ได้ล็อกอิน คุณสามารถมีกิจกรรมร่วมกับเว็บไซต์ได้ แต่ต้องล็อกอินก่อน ::
  ล็อกอิน

รายการสื่อสารสนเทศ

ลำดับที่ ประเภท เลขเรียก/บาร์โค้ด สถานที่ สถานะ
- ไม่พบข้อมูล -

รายการใกล้เคียง
    ผู้แต่ง [Murkoff, Heidi E]

    หัวเรื่อง [Child development]

BibComment


ยังไม่เคยถูกคอมเมนท์

คอมเมนท์ทรัพยากรรายการนี้
  คอมเมนท์: พัฒนาการวัยเตาะแต..


 Copyright 2026. Bcnsprnw @Library